000 00468cam a2200181ua 4500
020 _c6.25
041 _ahin
_h
082 _a891.54
_bJAG/PR
100 _aJagannath Prasad, Sharma .
245 _aPrasad ke natakom ka sashtriya adyayan /
_cJagannath prasad sharma.
_hTextual Documents
250 _a5 /
_b.
260 _aVaranasi :
_bSaraswati Mandir ,
_c1953.
300 _a289 ; .
365 _a6.25
504 _a
942 _cBK
999 _c8404
_d8404